La province de Picardie de A à Z - Statistiques

Statistiques générales
  • Ce quiz a été pris 39 fois
  • Le résultat moyen est 8 sur 26
Statistiques - réponses
Lettre Question Réponse % Correct
S Deux fleuves sont essentiels en Picardie, citez-en un Seine | Somme
79%
M Fromage odorant du Nord Maroilles
70%
Y Commune de la Somme Y
70%
A Au Moyen-âge tardif, il arrive que cette province soit placée en Picardie Artois
67%
B Parc naturel dans lequel se trouve Saint-Valéry (3 mots) Baie de Somme
64%
O Ce département appartenait à la région Picardie de 1972 à 2015 Oise
64%
P Etendue plate typique de la Picardie plaine
61%
W Cette région belge fait ethniquement partie de la Picardie Wallonie
61%
X La Picardie devient une province de France au (...)e siècle XIV
58%
C Pierre calcaire fréquemment rencontrée en Picardie craie
52%
K Fête ou foire annuelle en Picardie et en Belgique Kermesse
36%
I Province située au sud de la Picardie Ile-de-France
33%
H Région à cheval sur la France et la Belgique autrefois considérée comme picarde Hainaut
27%
V Région de Picardie située essentiellement dans l'Aisne Vermandois
18%
G Le 1er Picard connu est un croisé mort en 1098 prénommé Guillaume
12%
Z Ecrivain autrichien inspirée par la Picarde Constance de Théis (prénom et nom) Stefan Zweig
12%
D Auteur d'une célèbre thèse sur La plaine picarde en 1905 (prénom et nom) Albert Demangeon
9%
R L'hymne de la région est (3 mots) Réveillez-vous Picards
6%
F La devise de la Picardie est Fidelissima
3%
J Jeu apprécié en Picardie qui se joue avec une cible Javelot
3%
N La Picardie a constitué une des (...) de l'université de Paris nations
3%
T Siège d'un évêché localisé en Picardie au Moyen-âge devenu un village du Pas-de-Calais Thérouanne
3%
E Pays du Pas-de-Calais actuel situé entre Lens, Béthune et Hénin-Beaumont Escrebieu
0%
L Le piocheur picard est un laboureur
0%
Q Recueil de contes médiévaux paru en 1480 appelé L'évangile des quenouilles
0%
U Seule commune de la Somme à commencer par cette lettre Ugny-l'équipée
0%
Aucun quiz correspondant
Distribution des résultats
% des personnes avec chaque résultat
Percentile par nombre de réponses
Votre historique - résultats
Vous n’avez pas pris ce quiz